Leonardo da Vinci y otros ensayos
محفوظ في:
| المؤلف الرئيسي: | |
|---|---|
| التنسيق: | كتاب |
| اللغة: | الإسبانية |
| منشور في: |
Santiago
Universitaria
1964
|
| الموضوعات: | |
| الوسوم: |
إضافة وسم
لا توجد وسوم, كن أول من يضع وسما على هذه التسجيلة!
|
MARC
| LEADER | 00000cam a2200000 a 4500 | ||
|---|---|---|---|
| 001 | UCF1081 | ||
| 003 | CL-VaPUC | ||
| 008 | 120621e19640000CL |||||||||||||||||spa|d | ||
| 082 | 0 | 4 | |a Ch864 |b OYA |2 21 |
| 100 | |a Oyarzún Peña, Luis |e autor |9 879637 | ||
| 245 | 1 | 0 | |a Leonardo da Vinci y otros ensayos |
| 300 | |a 60 p | ||
| 942 | |c BK | ||
| 945 | |d 20120621 00:00:00 |a cmena | ||
| 260 | |a Santiago |b Universitaria |c 1964 | ||
| 650 | 0 | |a Ensayos chilenos |9 269132 | |
| 650 | 0 | |a Literatura chilena |9 308278 | |
| 583 | |a last modification |c 20120621 10:53:00 |k Rodrigo Vera | ||
| 999 | |c 348055 |d 348053 | ||
| 952 | |0 0 |1 0 |4 0 |6 CH_864_000000000000000_OYA_1964 |7 0 |8 A |9 449919 |a BIBART |b BIBART |d 2019-11-22 |i 4811569 |l 2 |m 1 |o Ch864 OYA 1964 |p 4811569 |r 2025-03-13 |s 2024-04-29 |w 2019-11-22 |y BK |k ART | ||